Naruto quiz (Moyen) - Statistiques

Statistiques générales
  • Ce quiz a été pris 9 732 fois
  • Le résultat moyen est 7 sur 10
Statistiques - réponses
Question Réponse % Correct
Quel est l'élément de Naruto Vent
93%
Qui était l'hôte de Kyubi avant Naruto? Kushina
87%
Comment s'appelle la sœur d'Hinata? Hanabi
86%
Comment s'appelle l'épée de Kisame? Sameada
85%
Qui à créer les 9 démons à queue? Hagoromo Otsutsuki
78%
Quel est l'élément de Sasuke? Foudre
64%
qui a battu Jirobo pendant la quête de Sasuke? Choji
59%
Qui dirigeait la 2nde épreuve lors du premier examen Shunin? Anko
58%
comment s'appelle l'hote du démon à 3 queue tué par Kakashi? Rin
58%
Qui est Saiken? le démon à 6 queue
28%
Aucun quiz correspondant
Distribution des résultats
% des personnes avec chaque résultat
Percentile par nombre de réponses
Votre historique - résultats
Vous n’avez pas pris ce quiz